| 000 | 00371nam a2200157Ia 4500 | ||
|---|---|---|---|
| 003 | OSt | ||
| 005 | 20240101090717.0 | ||
| 008 | 170523s9999 xx 000 0 und d | ||
| 020 | _a978174463062 | ||
| 040 | _cIIMT UNIVERSITY | ||
| 100 | _aALOK SINGHAL ETAL | ||
| 245 | 0 | _aINTRODUCTION TO DATABASE MANAGEMENT | |
| 260 | _bExcel Books | ||
| 260 | _c2002 | ||
| 942 |
_2ddc _c02 |
||
| 999 |
_c1033 _d1033 |
||